000 00304nam a22001337a 4500
008 180924b xxu||||| |||| 00| 0 eng d
020 _a9781455749072
041 _aeng
080 _a610.73
100 _a2
101 _aNUR
245 _aNursing Clinics Pf North America
_cDisch.J
942 _2udc
_cBK
999 _c48324
_d48324